[Event "Chigorin Memorial 30th"]
[Site "St Petersburg"]
[Date "2023.10.23"]
[Round "3"]
[White "Nikitinyh, Boris Aleksandrovic"]
[Black "Klobukov, Sergey"]
[Result "1-0"]
[WhiteElo "1785"]
[BlackElo "1468"]
[PlyCount "91"]
[EventDate "2023.10.21"]
[EventType "swiss"]
[EventRounds "9"]
[EventCountry "RUS"]
[SourceTitle "Mega2024 Update 01"]
[Source "Chessbase"]
[SourceDate "2023.11.12"]
[SourceVersion "1"]
[SourceVersionDate "2023.11.12"]
[SourceQuality "1"]

1. d4 Nf6 2. Nf3 g6 3. g3 Bg7 4. Bg2 0-0 5. 0-0 d5 6. Bf4 c6 7. Nbd2 Nbd7 8. c3 h6 9. Ne5 g5 10. Nxd7 Nxd7 11. Be3 Nb6 12. f4 g4 13. f5 e6 14. f6 Bxf6 15. Bxh6 Bg7 16. Bxg7 Kxg7 17. e4 f5 18. e5 Qg5 19. Rf4 Rh8 20. Bf1 Bd7 21. Be2 Qh6 22. Nf1 Nc4 23. Bxc4 dxc4 24. Qe2 b5 25. Ne3 Raf8 26. Raf1 Kh7 27. h4 Rhg8 28. Ng2 Rg7 29. R4f2 c5 30. dxc5 Bc6 31. Nf4 Be4 32. Qe3 Rd8 33. Rd2 Rd3 34. Rxd3 cxd3 35. Kf2 Rd7 36. Rd1 Qg7 37. Nxe6 Qe7 38. c6 Bxc6 39. Ng5+ Kg7 40. e6 Rd8 41. Rxd3 Rf8 42. Qe5+ Kg6 43. Rd6 Be8 44. Qd4 a5 45. b3 Qb7 46. e7+ 1-0

[Event "Chigorin Memorial 29th"]
[Site "St Petersburg"]
[Date "2022.10.24"]
[Round "3"]
[White "Tikhonov, Viacheslav"]
[Black "Klobukov, Sergey"]
[Result "1-0"]
[WhiteElo "2238"]
[BlackElo "1598"]
[PlyCount "105"]
[EventDate "2022.10.22"]
[EventType "swiss"]
[EventRounds "9"]
[EventCountry "RUS"]
[SourceTitle "EXT 2024"]
[Source "ChessBase"]
[SourceDate "2023.10.10"]
[SourceVersion "1"]
[SourceVersionDate "2023.10.10"]
[SourceQuality "1"]

1. d4 Nf6 2. c4 e6 3. Nf3 b6 4. g3 Bb7 5. Bg2 Bb4+ 6. Nbd2 0-0 7. 0-0 Bxd2 8. Bxd2 d6 9. b4 Nbd7 10. Qb3 Qe7 11. a4 Ne4 12. Be1 f5 13. a5 Nef6 14. Bh3 Kh8 15. a6 Bc8 16. d5 exd5 17. cxd5 Qxe2 18. Nd4 Qh5 19. Bg2 Ne5 20. f4 Neg4 21. h3 Nh6 22. Rf2 Re8 23. Rc2 Re7 24. Qa2 Nhg8 25. Rac1 Qe8 26. Bf2 Ne4 27. Rxc7 Nxf2 28. Kxf2 Nf6 29. Nb5 Ne4+ 30. Bxe4 fxe4 31. Nxd6 e3+ 32. Kg2 Rxc7 33. Rxc7 Qh5 34. Nxc8 Qd1 35. Rc2 e2 36. Rxe2 Rxc8 37. Qd2 Qxd2 38. Rxd2 Kg8 39. d6 Rd8 40. d7 Kf7 41. Kf3 g6 42. Ke4 Ke6 43. g4 Kf6 44. Rd6+ Ke7 45. Ke5 Kf7 46. Rf6+ Ke7 47. Re6+ Kxd7 48. Rd6+ Kc7 49. Rxd8 Kxd8 50. Kd6 Kc8 51. Kc6 Kb8 52. Kd7 Ka8 53. f5 1-0

[Event "St Petersburg Spring op"]
[Site "St Petersburg"]
[Date "2012.03.30"]
[Round "9"]
[White "Klobukov, Sergey"]
[Black "Kuvyrshin, Maksim"]
[Result "1-0"]
[WhiteElo "1961"]
[BlackElo "1814"]
[PlyCount "89"]
[EventDate "2012.03.22"]
[EventType "swiss"]
[EventRounds "9"]
[EventCountry "RUS"]
[SourceTitle "EXT 2013"]
[Source "ChessBase"]
[SourceDate "2012.11.22"]
[SourceVersion "1"]
[SourceVersionDate "2012.11.22"]
[SourceQuality "1"]

1. Nf3 c5 2. b3 d5 3. e3 e6 4. Bb2 Nf6 5. Be2 Bd6 6. 0-0 Qc7 7. c4 dxc4 8. bxc4 Nbd7 9. Nc3 a6 10. g3 b6 11. Ng5 Bb7 12. Bf3 Ne5 13. Bxb7 Qxb7 14. d3 0-0-0 15. Qe2 Bb8 16. Rfd1 h6 17. Nge4 Nxe4 18. dxe4 f5 19. f4 Ng4 20. exf5 exf5 21. Nd5 b5 22. Qc2 Rhf8 23. h3 bxc4 24. Qxc4 Ba7 25. hxg4 Qxb2 26. Qxa6+ Qb7 27. Qxb7+ Kxb7 28. Rab1+ Kc6 29. Ne7+ Kc7 30. Nxf5 Rxd1+ 31. Rxd1 Rf7 32. Kf2 Kc6 33. Ke2 c4 34. Nd6 Rd7 35. Nxc4 Rxd1 36. Kxd1 Kd5 37. Nd2 Bxe3 38. Ke2 Bb6 39. Kd3 Kc5 40. Ke4 Kb4 41. Kf5 Bd4 42. Nf3 Bf2 43. Kg6 Bxg3 44. f5 h5 45. gxh5 1-0

[Event "St Petersburg Autumn op"]
[Site "St Petersburg"]
[Date "2011.11.02"]
[Round "6"]
[White "Svidinsky, Dmitry"]
[Black "Klobukov, Sergey"]
[Result "1-0"]
[WhiteElo "2087"]
[BlackElo "1974"]
[PlyCount "101"]
[EventDate "2011.10.28"]
[EventType "swiss"]
[EventRounds "9"]
[EventCountry "RUS"]
[SourceTitle "EXT 2013"]
[Source "ChessBase"]
[SourceDate "2012.11.22"]
[SourceVersion "1"]
[SourceVersionDate "2012.11.22"]
[SourceQuality "1"]

1. e4 c5 2. Nf3 e6 3. d4 cxd4 4. Nxd4 a6 5. Bd3 Qc7 6. 0-0 Nc6 7. Nxc6 Qxc6 8. Nc3 Bc5 9. Qg4 Bd4 10. Be3 h5 11. Qg3 h4 12. Qg4 Nf6 13. Qg5 Bxc3 14. bxc3 Qxc3 15. e5 Rh5 16. Qxg7 Qxe5 17. Bh6 Rxh6 18. Qxh6 Qxh2+ 19. Kxh2 Ng4+ 20. Kh3 Nxh6 21. Kxh4 f5 22. Kg5 Ng4 23. Be2 Ne5 24. Kf6 d6 25. Rh1 Kd7 26. f4 Ng4+ 27. Bxg4 fxg4 28. Rh4 Kc6 29. Rxg4 Bd7 30. Rf1 Rf8+ 31. Kg7 Rc8 32. Rh4 d5 33. Rh8 Rc7 34. Kf6 Kd6 35. Rf2 Rc4 36. g4 Ba4 37. g5 Bxc2 38. g6 Bxg6 39. Kxg6 Re4 40. f5 exf5 41. Kxf5 b5 42. Rd8+ Kc5 43. Rd2 Rd4 44. Rc8+ Kb4 45. Rxd4+ Ka3 46. Ra8 b4 47. Rxa6+ Kb2 48. Rxb4+ Ka1 49. Rh6 d4 50. Rh1+ Kxa2 51. Rh7 1-0

[Event "St Petersburg White Nights op"]
[Site "St Petersburg"]
[Date "2011.06.09"]
[Round "3"]
[White "Klobukov, Sergey"]
[Black "Kudrjavich, Dmitry"]
[Result "1/2-1/2"]
[WhiteElo "1980"]
[BlackElo "1962"]
[PlyCount "148"]
[EventDate "2011.06.07"]
[EventType "swiss"]
[EventRounds "9"]
[EventCountry "RUS"]
[SourceTitle "EXT 2012"]
[Source "ChessBase"]
[SourceDate "2011.11.24"]
[SourceVersion "1"]
[SourceVersionDate "2011.11.24"]
[SourceQuality "1"]

1. d4 d6 2. g3 Nf6 3. Bg2 Nbd7 4. b3 c6 5. Bb2 Qc7 6. c4 g6 7. Nc3 Bg7 8. Nf3 0-0 9. 0-0 Re8 10. Qc2 Nf8 11. Rfd1 Bg4 12. b4 Rad8 13. a4 e5 14. dxe5 dxe5 15. h3 Bc8 16. e3 h6 17. a5 N6d7 18. Ne4 Nb8 19. c5 Bf5 20. Nfd2 Re7 21. Qc4 Be6 22. Qe2 Bd5 23. Nd6 Bxg2 24. Kxg2 Nfd7 25. Qc4 Nf6 26. e4 Ne8 27. Nxe8 Rexe8 28. Nf3 Nd7 29. Rd6 Nf8 30. Rad1 Rxd6 31. cxd6 Qd7 32. Qc5 f6 33. Qxa7 f5 34. a6 bxa6 35. Qxa6 Re6 36. Qd3 fxe4 37. Qxe4 Rxd6 38. Rxd6 Qxd6 39. Bxe5 Qe6 40. Qd4 Bxe5 41. Qxe5 Kf7 42. Qxe6+ Kxe6 43. Kf1 Kd5 44. Ke2 Kc4 45. Ne5+ Kxb4 46. Nxc6+ Kc5 47. Ne5 Kd5 48. f4 g5 49. Kf3 gxf4 50. gxf4 Nh7 51. Ng4 h5 52. Ne3+ Kd4 53. Nf5+ Kd5 54. Ng3 Nf6 55. Ke3 Ke6 56. Kd4 h4 57. f5+ Ke7 58. Ne4 Nd7 59. Kd5 Nb6+ 60. Ke5 Nc4+ 61. Kf4 Kf7 62. Ng5+ Kf6 63. Nf3 Nb6 64. Nxh4 Nd5+ 65. Ke4 Ne7 66. Kf4 Nd5+ 67. Kf3 Kg5 68. Ke4 Nf6+ 69. Ke5 Nd7+ 70. Kd6 Nf8 71. Ke7 Nh7 72. Ke6 Kxh4 73. Kf7 Kg5 74. h4+ Kxf5 1/2-1/2

[Event "St Petersburg March op"]
[Site "St Petersburg"]
[Date "2009.04.01"]
[Round "3"]
[White "Egorova, Natalia"]
[Black "Klobukov, Sergey"]
[Result "1/2-1/2"]
[WhiteElo "1656"]
[BlackElo "1984"]
[PlyCount "102"]
[EventDate "2009.03.30"]
[EventType "swiss"]
[EventRounds "9"]
[EventCountry "RUS"]
[SourceTitle "EXT 2012"]
[Source "ChessBase"]
[SourceDate "2011.11.24"]
[SourceVersion "1"]
[SourceVersionDate "2011.11.24"]
[SourceQuality "1"]

1. e4 c5 2. Nf3 Nc6 3. Bb5 e6 4. Bxc6 bxc6 5. d3 d5 6. Qe2 Be7 7. 0-0 Nf6 8. Rd1 0-0 9. Nc3 Qc7 10. h3 Rb8 11. b3 d4 12. Na4 Nd7 13. Ba3 Rb5 14. Rac1 Ne5 15. Nxe5 Qxe5 16. Nb2 Bd6 17. g3 Qg5 18. Kg2 f5 19. Nc4 Bc7 20. Rf1 e5 21. exf5 Bxf5 22. Nd2 Be6 23. Ne4 Qh6 24. Rh1 Bb6 25. Rcf1 Bd5 26. Bc1 Qg6 27. f3 Bc7 28. a4 Rbb8 29. Ba3 Bd6 30. Qd2 Rf5 31. Qe2 Rbf8 32. Rf2 h5 33. Rhf1 R8f7 34. h4 Be7 35. Rh1 Qe6 36. Bc1 Rf8 37. Bd2 Qf7 38. Bc1 Qg6 39. Bd2 Be6 40. Bc1 Qe8 41. Bg5 Bxg5 42. Nxg5 Bd5 43. Ne4 Qe7 44. Rhf1 Bxe4 45. fxe4 Rxf2+ 46. Rxf2 g6 47. Rxf8+ Qxf8 48. Qd2 Qe7 49. Qh6 Qf6 50. Qd2 Kf7 51. Qh6 Kg8 1/2-1/2

[Event "St Petersburg June op"]
[Site "St Petersburg"]
[Date "2008.06.28"]
[Round "8"]
[White "Shpartko, Grigory"]
[Black "Klobukov, Sergey"]
[Result "0-1"]
[WhiteElo "2067"]
[BlackElo "1971"]
[PlyCount "116"]
[EventDate "2008.06.21"]
[EventType "swiss"]
[EventRounds "9"]
[EventCountry "RUS"]
[SourceTitle "CBM 125 Extra"]
[Source "ChessBase"]
[SourceDate "2008.09.01"]
[SourceVersion "1"]
[SourceVersionDate "2008.09.01"]
[SourceQuality "1"]

1. d4 Nf6 2. c4 e6 3. Nf3 b6 4. a3 Bb7 5. Nc3 Be7 6. Bg5 0-0 7. e3 Ne4 8. Nxe4 Bxe4 9. Bxe7 Qxe7 10. Bd3 Bxd3 11. Qxd3 c5 12. d5 d6 13. Rd1 e5 14. e4 Nd7 15. Nd2 f5 16. 0-0 f4 17. f3 Qh4 18. Qe2 Rf6 19. Qf2 Qh5 20. g4 fxg3 21. hxg3 Rh6 22. Qg2 Rf8 23. Kf2 Qg5 24. Ke2 Nf6 25. Rg1 Rg6 26. Nf1 Nh5 27. Kf2 Qg4 28. Ne3 Qxe4 29. g4 Qf4 30. Qh3 Nf6 31. Ke2 Rh6 32. Qg3 Rh2+ 33. Kf1 Qxe3 34. Qxh2 Qxf3+ 35. Ke1 Qe3+ 36. Qe2 Qxg1+ 37. Kd2 Qxg4 38. Qxg4 Nxg4 39. Rg1 h5 40. Rh1 g6 41. b4 Rf4 42. bxc5 bxc5 43. a4 Rxc4 44. a5 Ra4 45. Rg1 Rxa5 46. Kd3 Kg7 47. Ke4 Ra4+ 48. Kf3 a5 49. Kg3 Rf4 50. Rb1 Kh6 51. Rb6 Rf6 52. Ra6 Kg5 53. Rxa5 h4+ 54. Kg2 Rf2+ 55. Kg1 h3 56. Ra1 Rg2+ 57. Kf1 Ne3+ 58. Ke1 h2 0-1

[Event "St Petersburg June op"]
[Site "St Petersburg"]
[Date "2008.06.27"]
[Round "7"]
[White "Klobukov, Sergey"]
[Black "Belenkaya, Dina"]
[Result "1-0"]
[WhiteElo "1971"]
[BlackElo "1938"]
[PlyCount "91"]
[EventDate "2008.06.21"]
[EventType "swiss"]
[EventRounds "9"]
[EventCountry "RUS"]
[SourceTitle "CBM 125 Extra"]
[Source "ChessBase"]
[SourceDate "2008.09.01"]
[SourceVersion "1"]
[SourceVersionDate "2008.09.01"]
[SourceQuality "1"]

1. Nf3 d5 2. b3 Nf6 3. Bb2 Bf5 4. e3 e6 5. Be2 h6 6. c4 Be7 7. 0-0 0-0 8. d3 c5 9. a3 Nc6 10. cxd5 exd5 11. Nbd2 Rc8 12. Rc1 Re8 13. Re1 Qb6 14. Qc2 Na5 15. Qd1 Be6 16. Rb1 Qd8 17. b4 cxb4 18. axb4 Nc6 19. b5 Nb8 20. Be5 Nbd7 21. Bg3 Nh5 22. Nd4 Nxg3 23. hxg3 Bf8 24. Ra1 Ra8 25. Qb1 a5 26. bxa6 bxa6 27. Rc1 Nc5 28. N2b3 Nxb3 29. Qxb3 Qd7 30. Ra5 Reb8 31. Qa2 Rb6 32. Nxe6 fxe6 33. d4 Qb7 34. Bf3 Rb5 35. Ra1 Rxa5 36. Qxa5 Bb4 37. Qa4 a5 38. Rc1 Rc8 39. Rxc8+ Qxc8 40. e4 dxe4 41. Bxe4 Qd8 42. Qc6 Qxd4 43. Qe8+ Bf8 44. Qxe6+ Kh8 45. Qf5 Kg8 46. Bd5+ 1-0

[Event "St Petersburg Chigorin CC-ch"]
[Site "St Petersburg"]
[Date "2008.05.19"]
[Round "5"]
[White "Guzenko, Artem"]
[Black "Klobukov, Sergey"]
[Result "1-0"]
[WhiteElo "2088"]
[BlackElo "1971"]
[PlyCount "87"]
[EventDate "2008.05.13"]
[EventType "swiss"]
[EventRounds "9"]
[EventCountry "RUS"]
[SourceTitle "CBM 124 Extra"]
[Source "ChessBase"]
[SourceDate "2008.07.03"]
[SourceVersion "1"]
[SourceVersionDate "2008.07.03"]
[SourceQuality "1"]

1. c4 c5 2. b3 Nc6 3. Bb2 e5 4. e3 d6 5. a3 Be7 6. Qc2 Bf6 7. d3 Nge7 8. Nd2 Rb8 9. Ngf3 0-0 10. Be2 g6 11. 0-0 Bg7 12. Rad1 f5 13. Rfe1 b6 14. h3 Bb7 15. Bc3 h6 16. b4 Qe8 17. Nb3 Qf7 18. d4 cxd4 19. exd4 e4 20. Nfd2 Rbe8 21. b5 Nd8 22. d5 g5 23. a4 Ng6 24. Bh5 Bxc3 25. Qxc3 Re5 26. Nd4 Qf6 27. Bxg6 Qxg6 28. Nc6 Ree8 29. Nxa7 f4 30. Qd4 g4 31. hxg4 Qxg4 32. Nxe4 Qg6 33. Nf6+ Rxf6 34. Rxe8+ Qxe8 35. Qxf6 Nf7 36. Nc6 Qe2 37. Qg6+ Kf8 38. Qd3 Qg4 39. Qf3 Qg5 40. Rd4 Bxc6 41. bxc6 Qe5 42. Rxf4 Qe1+ 43. Kh2 Qe5 44. g3 1-0